| 000 | 00861nam a22002655i 4500 | ||
|---|---|---|---|
| 001 | 10923 | ||
| 003 | ES-MaACL | ||
| 005 | 20230906150006.0 | ||
| 007 | t| | ||
| 008 | 930413s1992 sp ||||0| spa j | ||
| 020 | _a84-7738-160-7 | ||
| 040 |
_aM-BN _bspa _cM-BN |
||
| 080 | _a338.46 | ||
| 100 | 1 |
_aMoreno Jiménez, Antonio. _983388 |
|
| 245 | 1 | 4 |
_aLos servicios y el territorio / _cAntonio Moreno Jiménez, Severino Escolano Utrilla. |
| 260 |
_aMadrid : _bSíntesis, _cD.L. 1992. |
||
| 300 |
_a189 p : _bmap ; _c22 cm. |
||
| 490 | 1 |
_aEspacios y sociedades. Serie general ; _vn. 19 |
|
| 504 | _aBibliografía: p. 181-189. | ||
| 650 | 1 | 4 |
_aSector servicios. _917003 |
| 700 | 1 |
_aEscolano Utrilla, Severino. _947599 |
|
| 830 | 0 |
_aEspacios y sociedades. Serie general ; _vn. 19 _9178867 |
|
| 852 |
_aES-MaACL _jL-18227 _bR.121900 |
||
| 999 |
_c10923 _d10923 |
||